<?xml version="1.0" encoding="UTF-8"?>
<record
    xmlns:xsi="http://www.w3.org/2001/XMLSchema-instance"
    xsi:schemaLocation="http://www.loc.gov/MARC21/slim http://www.loc.gov/standards/marcxml/schema/MARC21slim.xsd"
    xmlns="http://www.loc.gov/MARC21/slim">

  <leader>00762nam a22002057a 4500</leader>
  <datafield tag="999" ind1=" " ind2=" ">
    <subfield code="c">19940</subfield>
    <subfield code="d">19940</subfield>
  </datafield>
  <controlfield tag="003">AR-CdUCM</controlfield>
  <controlfield tag="008">190523b           ||||| |||| 00| 0 spa d</controlfield>
  <datafield tag="040" ind1=" " ind2=" ">
    <subfield code="a">MUNICIPALIDAD PROVINCIAL DEL CUSCO</subfield>
    <subfield code="c">BIBLIOTECA MUNICIPAL DEL CUSCO</subfield>
  </datafield>
  <datafield tag="082" ind1=" " ind2=" ">
    <subfield code="2">4ed</subfield>
    <subfield code="a">544 /</subfield>
    <subfield code="b">B97</subfield>
  </datafield>
  <datafield tag="100" ind1=" " ind2=" ">
    <subfield code="a">Buscarons Ubeda, Francisco</subfield>
  </datafield>
  <datafield tag="245" ind1=" " ind2=" ">
    <subfield code="a">An&#xE1;lisis inorg&#xE1;nico cualitativo sistem&#xE1;tico (semimicro) /</subfield>
  </datafield>
  <datafield tag="260" ind1=" " ind2=" ">
    <subfield code="a">Barcelona,</subfield>
    <subfield code="b">Grijalbo,</subfield>
    <subfield code="c">1964.</subfield>
  </datafield>
  <datafield tag="300" ind1=" " ind2=" ">
    <subfield code="a">268 p&#xE1;ginas ;</subfield>
    <subfield code="b">Ilustraciones,</subfield>
    <subfield code="c">24 cm.</subfield>
  </datafield>
  <datafield tag="505" ind1=" " ind2=" ">
    <subfield code="a">Contenido: Generalidades -- Investigaci&#xF3;n sistem&#xE1;tica -- An&#xE1;lisis de una muestra liquida...</subfield>
  </datafield>
  <datafield tag="650" ind1=" " ind2=" ">
    <subfield code="a">Qu&#xED;mica anal&#xED;tica</subfield>
    <subfield code="9">41696</subfield>
  </datafield>
  <datafield tag="650" ind1=" " ind2=" ">
    <subfield code="a">Qu&#xED;mica cuantitativa</subfield>
    <subfield code="9">41697</subfield>
  </datafield>
  <datafield tag="650" ind1=" " ind2=" ">
    <subfield code="a">Aniones</subfield>
    <subfield code="9">41698</subfield>
  </datafield>
  <datafield tag="942" ind1=" " ind2=" ">
    <subfield code="2">ddc</subfield>
    <subfield code="c">LIBROS</subfield>
  </datafield>
  <datafield tag="945" ind1=" " ind2=" ">
    <subfield code="a">davv</subfield>
    <subfield code="d">2019-05-23</subfield>
  </datafield>
  <datafield tag="952" ind1=" " ind2=" ">
    <subfield code="0">0</subfield>
    <subfield code="2">ddc</subfield>
    <subfield code="4">0</subfield>
    <subfield code="7">0</subfield>
    <subfield code="a">SC</subfield>
    <subfield code="b">SC</subfield>
    <subfield code="c">CART</subfield>
    <subfield code="d">2019-05-23</subfield>
    <subfield code="g">50.00</subfield>
    <subfield code="o">544 / B97</subfield>
    <subfield code="p">SC0000001888</subfield>
    <subfield code="r">2019-05-23</subfield>
    <subfield code="y">LIBROS</subfield>
  </datafield>
</record>
